[Event "44th Chess Olympiad Women 2022"]
[Site "Chennai"]
[Date "2022.07.30"]
[Round "2.25"]
[White "Brunello, Marina"]
[Black "Sultana, Sharmin Shirin"]
[Result "1-0"]
[WhiteElo "2341"]
[BlackElo "1995"]
[Annotator "RC"]
[PlyCount "119"]
[EventDate "2022.07.29"]
[EventType "team-tourn"]
[EventCountry "IND"]
[SourceTitle "playchess.com"]
[Source "ChessBase"]
[SourceQuality "1"]
[WhiteTeam "Italy"]
[BlackTeam "Bangladesh"]
[WhiteTeamCountry "ITA"]
[BlackTeamCountry "BAN"]

1. e4 e5 2. Nf3 Nf6 3. Nxe5 d6 4. Nf3 Nxe4 5. c4 c6 6. Nc3 Nxc3 7. dxc3 Be7 8.
Bf4 O-O 9. Be2 Bf5 10. O-O Na6 11. Nd4 Bg6 12. Bg4 Nc5 13. Nf5 Bxf5 14. Bxf5
Ne6 15. Be3 g6 16. Bc2 Qc7 17. Qe2 Rfe8 18. Rad1 Bf8 19. Qg4 Bg7 20. Qg3 Rad8
21. Rd2 b6 22. Rfd1 Be5 23. f4 Bg7 24. f5 Be5 25. Qf3 Ng7 26. Bd4 c5 27. Bxe5
dxe5 28. f6 Ne6 29. Qe3 Rxd2 30. Rxd2 h5 31. g3 Kh7 32. Rd5 Nf8 33. Qg5 Re6 34.
Qxh5+ Kg8 35. Qh4 Nh7 36. Bxg6 Nxf6 37. Bf5 Rd6 38. Qg5+ Kf8 39. Qh6+ Kg8 40.
Bh7+ Kh8 41. Bc2+ Kg8 42. Qg5+ Kf8 43. Rxe5 Ng8 44. Rd5 Ne7 45. Rxd6 Qxd6 46.
Qf4 Qe6 47. Kf2 Nc6 48. Bd3 Ne5 49. Be2 Ke7 50. h4 f6 51. h5 Qh3 52. Ke3 Qh1
53. h6 Qg1+ 54. Kd2 Qb1 55. Bd1 Qxa2 56. h7 Qxb2+ 57. Bc2 Nf7 58. Qc7+ Kf8 59.
Qb8+ Kg7 60. Qg8+ 1-0

[Event "44th Chess Olympiad Women 2022"]
[Site "Chennai"]
[Date "2022.07.30"]
[Round "2.25"]
[White "Gueci, Tea"]
[Black "Jannatul, Ferdous"]
[Result "1/2-1/2"]
[WhiteElo "2254"]
[BlackElo "1815"]
[Annotator "RC"]
[PlyCount "169"]
[EventDate "2022.07.29"]
[EventType "team-tourn"]
[EventCountry "IND"]
[SourceTitle "playchess.com"]
[Source "ChessBase"]
[SourceQuality "1"]
[WhiteTeam "Italy"]
[BlackTeam "Bangladesh"]
[WhiteTeamCountry "ITA"]
[BlackTeamCountry "BAN"]

1. e4 c6 2. d4 d5 3. e5 Bf5 4. h4 h5 5. Bd3 Bxd3 6. Qxd3 e6 7. Nf3 Qa5+ 8. Nbd2
Qa6 9. c4 Nh6 10. O-O Nf5 11. b3 Be7 12. a4 Nd7 13. Ba3 O-O 14. Bxe7 Nxe7 15.
Ng5 Nf5 16. f3 Qb6 17. c5 Qb4 18. f4 Qxd4+ 19. Qxd4 Nxd4 20. b4 a5 21. Rab1
Ne2+ 22. Kh2 Nc3 23. Rb3 axb4 24. Rxb4 Nxc5 25. Nb3 Rxa4 26. Rb6 Nxb3 27. Rxb3
Nb5 28. g3 g6 29. g4 Ra3 30. Rxa3 Nxa3 31. gxh5 gxh5 32. f5 exf5 33. Rxf5 Nc4
34. Nf3 Ra8 35. Rg5+ Kf8 36. Rxh5 Ra3 37. Rf5 Re3 38. h5 Kg7 39. Rg5+ Kh6 40.
Rf5 d4 41. Nxd4 Rxe5 42. Rxf7 Rxh5+ 43. Kg3 Rd5 44. Ne6 Rd3+ 45. Kf2 b5 46.
Rf6+ Kh5 47. Ng7+ Kg4 48. Rxc6 Na3 49. Ke2 Rd7 50. Ne6 b4 51. Nc5 Rd5 52. Rb6
Rxc5 53. Rxb4+ Kf5 54. Rh4 Ke6 55. Rh6+ Kd7 56. Kd3 Nb5 57. Rg6 Rc3+ 58. Ke4
Nc7 59. Kd4 Rh3 60. Ke5 Rh5+ 61. Ke4 Ne6 62. Rg2 Nc5+ 63. Kd4 Kd6 64. Rg6+ Ne6+
65. Ke4 Re5+ 66. Kf3 Kd5 67. Rg8 Nd4+ 68. Kf4 Rf5+ 69. Ke3 Rf3+ 70. Kd2 Kc4 71.
Rc8+ Kb4 72. Rb8+ Ka3 73. Rd8 Nb3+ 74. Kc2 Kb4 75. Rb8+ Kc4 76. Rc8+ Nc5 77.
Kd2 Rh3 78. Ke2 Kd4 79. Rd8+ Ke5 80. Re8+ Ne6 81. Kd2 Kd5 82. Ra8 Ke4 83. Re8
Kd5 84. Ra8 Ke4 85. Re8 1/2-1/2

[Event "44th Chess Olympiad Women 2022"]
[Site "Chennai"]
[Date "2022.07.30"]
[Round "2.25"]
[White "Noshin, Anjum"]
[Black "Zimina, Olga"]
[Result "1-0"]
[WhiteElo "2027"]
[BlackElo "2340"]
[Annotator "RC"]
[PlyCount "109"]
[EventDate "2022.07.29"]
[EventType "team-tourn"]
[EventCountry "IND"]
[SourceTitle "playchess.com"]
[Source "ChessBase"]
[SourceQuality "1"]
[WhiteTeam "Bangladesh"]
[BlackTeam "Italy"]
[WhiteTeamCountry "BAN"]
[BlackTeamCountry "ITA"]

1. e4 c6 2. d4 d5 3. e5 Qb6 4. Nf3 Bg4 5. Be2 e6 6. O-O Ne7 7. Nbd2 Nf5 8. Nb3
Nd7 9. a4 a5 10. h3 Bxf3 11. Bxf3 c5 12. dxc5 Bxc5 13. Nxc5 Qxc5 14. Bg4 O-O
15. Bxf5 exf5 16. Be3 Qc4 17. Qd4 Qxd4 18. Bxd4 Rfc8 19. c3 Nf8 20. Rfd1 Ne6
21. f3 Rc4 22. Be3 f4 23. Bf2 Rd8 24. Bb6 Rd7 25. Bxa5 d4 26. Bb6 d3 27. Rd2
Rd5 28. Rad1 Rxe5 29. Rxd3 h6 30. a5 Ra4 31. R3d2 g5 32. Kf2 Rb5 33. b4 Ra3 34.
Rc2 Re5 35. c4 Rb3 36. b5 Nc5 37. Bxc5 Rxc5 38. Ra1 Rbxb5 39. cxb5 Rxc2+ 40.
Kf1 Rc7 41. a6 bxa6 42. bxa6 Ra7 43. Ke2 Kf8 44. Kd3 Ke7 45. Kc4 Kd6 46. Kb5
Kc7 47. Re1 Ra8 48. Re7+ Kd6 49. Rxf7 Rb8+ 50. Rb7 Rxb7+ 51. axb7 Kc7 52. Ka6
Kb8 53. Kb6 h5 54. Kc6 h4 55. Kd5 1-0

[Event "44th Chess Olympiad Women 2022"]
[Site "Chennai"]
[Date "2022.07.30"]
[Round "2.25"]
[White "Khan, Nazrana"]
[Black "Cassi, Elisa"]
[Result "0-1"]
[WhiteElo "1829"]
[BlackElo "1922"]
[Annotator "NA"]
[PlyCount "94"]
[EventDate "2022.07.29"]
[EventType "team-tourn"]
[EventCountry "IND"]
[SourceTitle "playchess.com"]
[Source "ChessBase"]
[SourceQuality "1"]
[WhiteTeam "Bangladesh"]
[BlackTeam "Italy"]
[WhiteTeamCountry "BAN"]
[BlackTeamCountry "ITA"]

1. d4 d5 2. c4 e6 3. Nf3 Nf6 4. Nc3 Bb4 5. e3 O-O 6. Bd3 dxc4 7. Bxc4 c5 8. O-O
cxd4 9. exd4 b6 10. Ne5 Bb7 11. Bg5 Nbd7 12. Qe2 Bxc3 13. bxc3 Rc8 14. Rac1
Nxe5 15. dxe5 Rc5 16. Bd3 Qc7 17. Bxf6 gxf6 18. Qh5 f5 19. Qg5+ Kh8 20. Qf6+
Kg8 21. Rfe1 Qd8 22. Qh6 f6 23. Re3 Qe7 24. Rg3+ Kh8 25. exf6 Rxf6 26. Qg5 Qf7
27. Rd1 f4 28. Bf5 Rd5 29. Rxd5 Bxd5 30. Qxf4 Rxf5 31. Qd2 Qf6 32. h3 h6 33. a3
Rg5 34. Qe3 Qe5 35. Rxg5 Qxe3 36. Rg8+ Kxg8 37. fxe3 Kf7 38. Kf2 Kf6 39. g4 Ke5
40. Kg3 Ke4 41. Kh4 Kxe3 42. Kh5 Bg2 43. Kxh6 Bxh3 44. g5 Bf5 45. Kg7 Kf4 46.
Kf6 e5 47. a4 e4 0-1

[Event "44th Chess Olympiad Women 2022"]
[Site "Chennai"]
[Date "2022.07.30"]
[Round "2.26"]
[White "Urh, Zala"]
[Black "Ortiz Verdezoto, Anahi"]
[Result "0-1"]
[WhiteElo "2321"]
[BlackElo "2046"]
[Annotator "RC"]
[PlyCount "98"]
[EventDate "2022.07.29"]
[EventType "team-tourn"]
[EventCountry "IND"]
[SourceTitle "playchess.com"]
[Source "ChessBase"]
[SourceQuality "1"]
[WhiteTeam "Slovenia"]
[BlackTeam "Ecuador"]
[WhiteTeamCountry "SLO"]
[BlackTeamCountry "ECU"]

1. d4 Nf6 2. c4 e6 3. Nc3 Bb4 4. e3 b6 5. Nge2 O-O 6. a3 Bxc3+ 7. Nxc3 d5 8.
cxd5 exd5 9. Bd3 Re8 10. O-O Nbd7 11. b4 Bb7 12. Bb2 Ne4 13. Rc1 Ndf6 14. Re1
a6 15. f3 Nd6 16. Rc2 Qd7 17. g4 Re7 18. Rce2 b5 19. Bb1 a5 20. Qd3 g6 21. Bc1
axb4 22. axb4 Rae8 23. Nd1 Nc4 24. Nf2 Qd6 25. Qc3 Bc6 26. Kg2 Re6 27. Nd3 Nd7
28. Nf4 R6e7 29. h4 Nf8 30. h5 Ne6 31. Nh3 gxh5 32. Qd3 f6 33. Nf2 Rg7 34. Rh1
Ree7 35. Kf1 Ng5 36. f4 Ne4 37. Nxe4 dxe4 38. Qc2 hxg4 39. Rg2 Qxb4 40. Ba2 Bd5
41. Rh5 c6 42. Qe2 Qc3 43. Bd2 Qa3 44. Bb1 Qb3 45. Qe1 Na3 46. Bb4 Ra7 47. Bc5
Ra4 48. Bxa3 Rxa3 49. Rf5 Ra1 0-1

[Event "44th Chess Olympiad Women 2022"]
[Site "Chennai"]
[Date "2022.07.30"]
[Round "2.26"]
[White "Rozman, Monika"]
[Black "Miranda Vargas, Analia Karen"]
[Result "1-0"]
[WhiteElo "2104"]
[BlackElo "1723"]
[Annotator "NA RC"]
[PlyCount "103"]
[EventDate "2022.07.29"]
[EventType "team-tourn"]
[EventCountry "IND"]
[SourceTitle "playchess.com"]
[Source "ChessBase"]
[SourceQuality "1"]
[WhiteTeam "Slovenia"]
[BlackTeam "Ecuador"]
[WhiteTeamCountry "SLO"]
[BlackTeamCountry "ECU"]

1. e4 e5 2. Nf3 Nc6 3. Bc4 Bc5 4. c3 Nf6 5. d3 d6 6. O-O h6 7. Nbd2 O-O 8. h3
Bb6 9. Re1 Re8 10. Nf1 Ne7 11. Nh4 c6 12. Qf3 d5 13. Bb3 Qd6 14. Ng3 a5 15. a4
Kh7 16. Be3 Bxe3 17. Qxe3 Be6 18. d4 exd4 19. Qxd4 Qf4 20. Bc2 Kg8 21. e5 Qxd4
22. cxd4 Ne4 23. Bxe4 dxe4 24. Nxe4 Red8 25. Nd6 g5 26. Nf3 Rd7 27. Nd2 Nf5 28.
N2e4 Kg7 29. Nxf5+ Bxf5 30. Nd6 Be6 31. Rec1 Ra6 32. Rc5 Rb6 33. Rxa5 Rxb2 34.
Ra7 Rb4 35. Rd1 Bb3 36. Rb1 Rxa4 37. Rxa4 Bxa4 38. Rxb7 Rxb7 39. Nxb7 f6 40.
exf6+ Kxf6 41. f3 Bb5 42. Kf2 Ke6 43. Ke3 Kd5 44. Nd8 Bf1 45. g4 c5 46. dxc5
Kxc5 47. Nf7 Kd5 48. Nxh6 Ke5 49. Nf5 Bb5 50. h4 Kf6 51. Nd6 Bc6 52. Ne4+ 1-0

[Event "44th Chess Olympiad Women 2022"]
[Site "Chennai"]
[Date "2022.07.30"]
[Round "2.26"]
[White "Heredia Serrano, Carla"]
[Black "Unuk, Laura"]
[Result "1/2-1/2"]
[WhiteElo "2090"]
[BlackElo "2340"]
[Annotator "RC"]
[PlyCount "100"]
[EventDate "2022.07.29"]
[EventType "team-tourn"]
[EventCountry "IND"]
[SourceTitle "playchess.com"]
[Source "ChessBase"]
[SourceQuality "1"]
[WhiteTeam "Ecuador"]
[BlackTeam "Slovenia"]
[WhiteTeamCountry "ECU"]
[BlackTeamCountry "SLO"]

1. e4 c6 2. Nc3 d5 3. Nf3 Bg4 4. h3 Bxf3 5. Qxf3 e6 6. g3 Nf6 7. Bg2 Nbd7 8.
O-O Bd6 9. d3 O-O 10. Qe2 dxe4 11. dxe4 e5 12. Nd1 Qc7 13. Ne3 Rfd8 14. a4 Bf8
15. Nc4 Nc5 16. a5 b5 17. axb6 axb6 18. Bg5 Be7 19. h4 b5 20. Bxf6 Bxf6 21. Ne3
Ne6 22. Qg4 Kh8 23. Bh3 Ra4 24. Rxa4 bxa4 25. Rd1 Kg8 26. Rxd8+ Qxd8 27. Qd1
Qe7 28. Bxe6 Qxe6 29. Qd3 Qa2 30. Nc4 h5 31. Kg2 Be7 32. Qc3 f6 33. Ne3 Bf8 34.
Qxc6 Qxb2 35. Qxa4 Kh7 36. Qe8 Bc5 37. Qxh5+ Kg8 38. Qe8+ Kh7 39. Qh5+ Kg8 40.
Qe2 Bxe3 41. fxe3 Qc1 42. Qd3 Kh7 43. c4 Kh6 44. Qe2 Qc3 45. Kh3 Qc1 46. Kg4
Qb1 47. Kf5 Qb7 48. Ke6 Qc6+ 49. Ke7 Qc7+ 50. Ke6 Qc6+ 1/2-1/2

[Event "44th Chess Olympiad Women 2022"]
[Site "Chennai"]
[Date "2022.07.30"]
[Round "2.26"]
[White "Penafiel Mendoza, Josselyne"]
[Black "Vidic, Teja"]
[Result "*"]
[WhiteElo "1804"]
[BlackElo "2099"]
[Annotator "NA RC"]
[PlyCount "143"]
[EventDate "2022.07.29"]
[EventType "team-tourn"]
[EventCountry "IND"]
[SourceTitle "playchess.com"]
[Source "ChessBase"]
[SourceQuality "1"]
[WhiteTeam "Ecuador"]
[BlackTeam "Slovenia"]
[WhiteTeamCountry "ECU"]
[BlackTeamCountry "SLO"]

1. d4 Nf6 2. c4 e6 3. Nf3 d5 4. Nc3 Bb4 5. Qa4+ Nc6 6. e3 O-O 7. Bd3 dxc4 8.
Bxc4 a6 9. O-O Bd6 10. a3 e5 11. d5 Ne7 12. e4 Ng6 13. Re1 h6 14. Qc2 Nh5 15.
g3 Bg4 16. Be2 Qd7 17. Be3 Ne7 18. Qa4 b5 19. Qb3 Kh8 20. Rad1 f5 21. exf5 Rxf5
22. Nh4 Rf7 23. Qc2 Raf8 24. Ne4 Nf6 25. Nc5 Qc8 26. Bxg4 Nxg4 27. Ne6 Nxe3 28.
fxe3 Re8 29. Ng6+ Kg8 30. Nxe7+ Rexe7 31. Rf1 c5 32. Qg6 Qd7 33. Kg2 c4 34. h4
a5 35. g4 Rxf1 36. Rxf1 Rf7 37. Rf5 b4 38. axb4 axb4 39. g5 hxg5 40. Rxg5 Be7
41. Rxe5 Qe8 42. Nf4 Qf8 43. Rh5 Rf6 44. Qh7+ Kf7 45. Qe4 Qc8 46. Ne6 Rg6+ 47.
Kf3 c3 48. Rf5+ Bf6 49. bxc3 bxc3 50. Nd4 Kg8 51. Nc6 Bxh4 52. Rf4 Rg3+ 53. Kf2
Rg4+ 54. Kf3 Rg3+ 55. Ke2 Qa6+ 56. Qc4 Rg2+ 57. Kd3 Qxc4+ 58. Rxc4 Be1 59. e4
g5 60. e5 g4 61. e6 Kf8 62. Rf4+ Ke8 63. e7 Rd2+ 64. Kc4 Re2 65. Rf8+ Kd7 66.
Rd8+ Kc7 67. e8=Q Rxe8 68. Rxe8 Bd2 69. Nd4 g3 70. Rg8 Be1 71. Nb5+ Kd7 72.
Nxc3 *

[Event "44th Chess Olympiad Women 2022"]
[Site "Chennai"]
[Date "2022.07.30"]
[Round "2.27"]
[White "Tsolakidou, Stavroula"]
[Black "Milovic, Aleksandra"]
[Result "1-0"]
[WhiteElo "2362"]
[BlackElo "2129"]
[Annotator "RC"]
[PlyCount "93"]
[EventDate "2022.07.29"]
[EventType "team-tourn"]
[EventCountry "IND"]
[SourceTitle "playchess.com"]
[Source "ChessBase"]
[SourceQuality "1"]
[WhiteTeam "Greece"]
[BlackTeam "Montenegro"]
[WhiteTeamCountry "GRE"]
[BlackTeamCountry "MNE"]

1. e4 d5 2. exd5 Qxd5 3. Nc3 Qd8 4. d4 Nf6 5. Nf3 Bg4 6. h3 Bxf3 7. Qxf3 c6 8.
Be3 e6 9. O-O-O Bb4 10. Ne4 Nxe4 11. Qxe4 Qd5 12. Qxd5 cxd5 13. c4 O-O 14. c5
a6 15. a3 Ba5 16. b4 Bd8 17. g4 Nc6 18. Be2 Be7 19. Kc2 Rfc8 20. Rb1 Bd8 21. f4
b6 22. Kb3 b5 23. a4 bxa4+ 24. Kxa4 Rcb8 25. g5 Na7 26. Kb3 a5 27. b5 Nxb5 28.
Bxb5 Rxb5+ 29. Ka4 Rbb8 30. c6 Rc8 31. Rhc1 Kf8 32. Rb7 Ke8 33. f5 Bc7 34. fxe6
fxe6 35. Bd2 e5 36. Rc5 Bd6 37. Rc1 Bc7 38. dxe5 Ke7 39. e6 Kxe6 40. Re1+ Kf5
41. Rb5 Bg3 42. Rxd5+ Kg6 43. Re6+ Kf7 44. Re3 Bh2 45. Re2 Bg1 46. Rd7+ Kg6 47.
c7 1-0

[Event "44th Chess Olympiad Women 2022"]
[Site "Chennai"]
[Date "2022.07.30"]
[Round "2.27"]
[White "Pavlidou, Ekaterini"]
[Black "Bacic, Kristina"]
[Result "1-0"]
[WhiteElo "2138"]
[BlackElo "1866"]
[Annotator "NA"]
[PlyCount "85"]
[EventDate "2022.07.29"]
[EventType "team-tourn"]
[EventCountry "IND"]
[SourceTitle "playchess.com"]
[Source "ChessBase"]
[SourceQuality "1"]
[WhiteTeam "Greece"]
[BlackTeam "Montenegro"]
[WhiteTeamCountry "GRE"]
[BlackTeamCountry "MNE"]

1. d4 d5 2. c4 c6 3. cxd5 cxd5 4. Bf4 Nc6 5. e3 e6 6. Nc3 a6 7. Bd3 Nf6 8. h3
Bd6 9. Nge2 O-O 10. Bg5 h6 11. Bxf6 Qxf6 12. f4 Qh4+ 13. g3 Qh5 14. Ng1 Qxd1+
15. Rxd1 b5 16. Rc1 Bd7 17. Nf3 Na5 18. b3 Rfc8 19. Ne2 Rxc1+ 20. Nxc1 Rc8 21.
Ne2 Nc6 22. Kf2 Ba3 23. g4 Nb4 24. Bb1 a5 25. Ne5 Be8 26. h4 a4 27. h5 f6 28.
Nf3 axb3 29. axb3 Nc6 30. g5 Na5 31. gxf6 gxf6 32. f5 Kf7 33. fxe6+ Kxe6 34.
Nh4 Bd7 35. Nf5 Nxb3 36. Nf4+ Kf7 37. Nxh6+ Kg7 38. Nf5+ Bxf5 39. Bxf5 Rh8 40.
h6+ Kf7 41. Be6+ Ke8 42. Ng6 Rh7 43. Bg8 1-0

[Event "44th Chess Olympiad Women 2022"]
[Site "Chennai"]
[Date "2022.07.30"]
[Round "2.27"]
[White "Koljevic, Nikolina"]
[Black "Avramidou, Anastasia"]
[Result "1/2-1/2"]
[WhiteElo "2014"]
[BlackElo "2274"]
[Annotator "ChessBase"]
[PlyCount "57"]
[EventDate "2022.07.29"]
[EventType "team-tourn"]
[EventCountry "IND"]
[SourceTitle "playchess.com"]
[Source "ChessBase"]
[SourceQuality "1"]
[WhiteTeam "Montenegro"]
[BlackTeam "Greece"]
[WhiteTeamCountry "MNE"]
[BlackTeamCountry "GRE"]

1. e4 e6 2. d3 d5 3. Nd2 c5 4. Ngf3 Nc6 5. g3 Nf6 6. Bg2 Be7 7. O-O O-O 8. Re1
b6 9. e5 Nd7 10. Nf1 f6 11. exf6 Bxf6 12. Bh3 Nde5 13. Nxe5 Bxe5 14. c3 Re8 15.
Ne3 Bf6 16. Qb3 Ne5 17. Bg2 Nxd3 18. Nxd5 Bb7 19. Rxe6 Rxe6 20. Nf4 Kh8 21.
Nxe6 Qd7 22. Nf4 Bxg2 23. Kxg2 Ne1+ 24. Kf1 Nf3 25. Kg2 Ne1+ 26. Kf1 Nf3 27.
Kg2 Ne1+ 28. Kf1 Nf3 29. Kg2 1/2-1/2

[Event "44th Chess Olympiad Women 2022"]
[Site "Chennai"]
[Date "2022.07.30"]
[Round "2.27"]
[White "Popovic, Mateja"]
[Black "Makka, Ioulia"]
[Result "1/2-1/2"]
[WhiteElo "1634"]
[BlackElo "1975"]
[Annotator "NA RC"]
[PlyCount "91"]
[EventDate "2022.07.29"]
[EventType "team-tourn"]
[EventCountry "IND"]
[SourceTitle "playchess.com"]
[Source "ChessBase"]
[SourceQuality "1"]
[WhiteTeam "Montenegro"]
[BlackTeam "Greece"]
[WhiteTeamCountry "MNE"]
[BlackTeamCountry "GRE"]

1. d4 Nf6 2. Nf3 e6 3. Bg5 c5 4. c3 h6 5. Bxf6 Qxf6 6. e3 b6 7. Nbd2 Bb7 8. Bd3
Nc6 9. O-O Qd8 10. e4 cxd4 11. Nxd4 a6 12. Re1 Qc7 13. N2f3 Nxd4 14. Nxd4 Qe5
15. Qd2 Bc5 16. Nb3 Be7 17. Qe3 Qc7 18. Rad1 d6 19. e5 dxe5 20. Qxe5 Qxe5 21.
Rxe5 Rd8 22. Ree1 O-O 23. Be2 Rxd1 24. Rxd1 Rd8 25. Rxd8+ Bxd8 26. Nd2 Kf8 27.
Kf1 Ke7 28. Bf3 Bc8 29. Ke2 Bc7 30. g3 f6 31. b3 g5 32. h3 f5 33. Bg2 e5 34. f3
h5 35. Nc4 f4 36. g4 h4 37. Nd2 Kf7 38. Ne4 Kg6 39. Kd3 Bb7 40. c4 Bc6 41. Nc3
Bd6 42. a4 a5 43. Nd5 Bc5 44. Ke4 Bd4 45. Bf1 Bb7 46. Kd3 1/2-1/2

[Event "44th Chess Olympiad Women 2022"]
[Site "Chennai"]
[Date "2022.07.30"]
[Round "2.28"]
[White "Munkhzul, Turmunkh"]
[Black "Oviedo Acosta, Paula"]
[Result "1-0"]
[WhiteElo "2277"]
[BlackElo "1855"]
[Annotator "RC"]
[PlyCount "93"]
[EventDate "2022.07.29"]
[EventType "team-tourn"]
[EventCountry "IND"]
[SourceTitle "playchess.com"]
[Source "ChessBase"]
[SourceQuality "1"]
[WhiteTeam "Mongolia"]
[BlackTeam "Paraguay"]
[WhiteTeamCountry "MGL"]
[BlackTeamCountry "PAR"]

1. e4 c5 2. Nf3 e6 3. d4 cxd4 4. Nxd4 a6 5. Bd3 Bc5 6. Nb3 Ba7 7. O-O Ne7 8.
Qe2 O-O 9. Be3 Nbc6 10. Rd1 Nb4 11. Nc3 b5 12. a3 Nxd3 13. Qxd3 f5 14. Nc5 Bxc5
15. Bxc5 Rf7 16. a4 b4 17. Bxb4 Rb8 18. Ba3 f4 19. f3 g5 20. b3 Ng6 21. h3 h5
22. Bd6 Rb6 23. e5 Ne7 24. Bxe7 Qxe7 25. Ne4 Kg7 26. Qd4 Rb4 27. Qc3 Rxe4 28.
fxe4 Bb7 29. Rd4 g4 30. hxg4 hxg4 31. g3 Qg5 32. Rf1 f3 33. Rb4 Bc6 34. Qd4 Kg6
35. Rb8 Kg7 36. b4 Bxe4 37. Qxe4 Qh5 38. Qe3 Rf5 39. Rd8 Qh3 40. Rxd7+ Kg6 41.
Kf2 Qg2+ 42. Ke1 Qxc2 43. Rd2 Qb1+ 44. Kf2 Qxb4 45. Rh1 Rh5 46. Qd3+ Kg5 47.
Qd8+ 1-0

[Event "44th Chess Olympiad Women 2022"]
[Site "Chennai"]
[Date "2022.07.30"]
[Round "2.28"]
[White "Vargas, Gabriela"]
[Black "Enkhtuul, Altan-Ulzii"]
[Result "0-1"]
[WhiteElo "2140"]
[BlackElo "2267"]
[Annotator "ChessBase"]
[PlyCount "68"]
[EventDate "2022.07.29"]
[EventType "team-tourn"]
[EventCountry "IND"]
[SourceTitle "playchess.com"]
[Source "ChessBase"]
[SourceQuality "1"]
[WhiteTeam "Paraguay"]
[BlackTeam "Mongolia"]
[WhiteTeamCountry "PAR"]
[BlackTeamCountry "MGL"]

1. d4 d5 2. Nf3 Nf6 3. c4 c6 4. cxd5 Nxd5 5. e4 Nb6 6. Nc3 Bg4 7. Be2 g6 8. Be3
Bg7 9. Qd2 Bxf3 10. gxf3 N8d7 11. Bh6 Bxh6 12. Qxh6 e6 13. e5 Qe7 14. Rd1 O-O-O
15. Ne4 Kb8 16. Qd2 Rhf8 17. O-O f6 18. Kh1 Nd5 19. exf6 N7xf6 20. Ng3 Nd7 21.
Rfe1 Qh4 22. Bf1 Rxf3 23. Bg2 Rf6 24. Re4 Nf4 25. Qb4 Nb6 26. Rde1 Nbd5 27. Qa5
Rff8 28. Qd2 Qf6 29. Re5 Nxg2 30. Kxg2 Qf3+ 31. Kf1 Nf4 32. R1e3 Qg2+ 33. Ke1
Qg1+ 34. Nf1 Ng2+ 0-1

[Event "44th Chess Olympiad Women 2022"]
[Site "Chennai"]
[Date "2022.07.30"]
[Round "2.28"]
[White "Munkhzul, Davaakhuu"]
[Black "Montiel Caceres, Helen"]
[Result "1-0"]
[WhiteElo "2095"]
[BlackElo "1763"]
[Annotator "NA RC"]
[PlyCount "139"]
[EventDate "2022.07.29"]
[EventType "team-tourn"]
[EventCountry "IND"]
[SourceTitle "playchess.com"]
[Source "ChessBase"]
[SourceQuality "1"]
[WhiteTeam "Mongolia"]
[BlackTeam "Paraguay"]
[WhiteTeamCountry "MGL"]
[BlackTeamCountry "PAR"]

1. e4 c5 2. Nf3 e6 3. d4 cxd4 4. Nxd4 Nc6 5. Nc3 Qc7 6. Be3 a6 7. Be2 Nf6 8.
O-O Be7 9. f4 d6 10. Qe1 Nxd4 11. Bxd4 b5 12. a3 O-O 13. Qg3 Bb7 14. Kh1 Rad8
15. Rae1 Rfe8 16. Bd3 d5 17. Be5 Qc5 18. exd5 exd5 19. Ne2 Bc8 20. Nd4 Qb6 21.
c3 Bf8 22. f5 Bd6 23. Nf3 Bxe5 24. Rxe5 Rxe5 25. Qxe5 Re8 26. Qd4 Qc7 27. a4
Bd7 28. axb5 Bxb5 29. Ra1 Bxd3 30. Qxd3 Qb6 31. b4 Ne4 32. Qd4 Qc6 33. Rc1 Qb5
34. Kg1 Rc8 35. Ne5 f6 36. Nd3 Rc4 37. Qe3 Nxc3 38. Qe6+ Kf8 39. Re1 Ne4 40.
Nc5 Rxc5 41. Rxe4 dxe4 42. Qd6+ Ke8 43. Qe6+ Kd8 44. Qd6+ Kc8 45. bxc5 Qb1+ 46.
Kf2 Qc2+ 47. Ke1 Qd3 48. Qc6+ Kd8 49. Qb6+ Ke8 50. Qe6+ Kd8 51. Qg8+ Kc7 52.
Qxg7+ Kc6 53. Qxf6+ Kxc5 54. Qe7+ Kb5 55. Qe5+ Kb4 56. Qb2+ Kc5 57. f6 Qe3+ 58.
Kf1 Qd3+ 59. Qe2 Qb1+ 60. Kf2 Qb7 61. Qa2 Kd6 62. Ke3 Ke5 63. f7 Qa7+ 64. Ke2
Qe7 65. Qa5+ Kf6 66. Qxa6+ Kxf7 67. Qh6 Kg8 68. g3 Qf7 69. Qg5+ Kf8 70. Qf4 1-0

[Event "44th Chess Olympiad Women 2022"]
[Site "Chennai"]
[Date "2022.07.30"]
[Round "2.28"]
[White "Perez, Dalila"]
[Black "Mungunzul, Bat-Erdene"]
[Result "0-1"]
[WhiteElo "1799"]
[BlackElo "2163"]
[Annotator "ChessBase"]
[PlyCount "76"]
[EventDate "2022.07.29"]
[EventType "team-tourn"]
[EventCountry "IND"]
[SourceTitle "playchess.com"]
[Source "ChessBase"]
[SourceQuality "1"]
[WhiteTeam "Paraguay"]
[BlackTeam "Mongolia"]
[WhiteTeamCountry "PAR"]
[BlackTeamCountry "MGL"]

1. d4 d5 2. Nf3 Nf6 3. c4 c6 4. g3 Bf5 5. Nc3 a6 6. Nh4 Bg4 7. h3 Bh5 8. g4 Bg6
9. Qb3 b5 10. cxd5 Nxd5 11. Nxg6 hxg6 12. Bg2 e6 13. e4 Nb4 14. Qd1 Qxd4 15.
O-O Qxd1 16. Rxd1 e5 17. Be3 Nc2 18. Rac1 Nxe3 19. fxe3 Nd7 20. Nb1 Rc8 21. Nd2
Bc5 22. Kf2 Ke7 23. Nf3 Bb6 24. Rc3 Rhd8 25. b4 c5 26. Rdc1 c4 27. a4 f6 28.
Bf1 Nb8 29. Ke2 Nc6 30. Rb1 Nxb4 31. axb5 axb5 32. Ra3 Bc5 33. Ne1 Ra8 34. Rc3
Ra2+ 35. Kf3 Rdd2 36. Kg3 Rdb2 37. Rbc1 Ra7 38. Kf3 Na2 0-1

[Event "44th Chess Olympiad Women 2022"]
[Site "Chennai"]
[Date "2022.07.30"]
[Round "2.29"]
[White "Georgescu, Lena"]
[Black "Enomah Emmanuella Trust"]
[Result "1-0"]
[WhiteElo "2279"]
[BlackElo "1901"]
[Annotator "RC"]
[PlyCount "61"]
[EventDate "2022.07.29"]
[EventType "team-tourn"]
[EventCountry "IND"]
[SourceTitle "playchess.com"]
[Source "ChessBase"]
[SourceQuality "1"]
[WhiteTeam "Switzerland"]
[BlackTeam "Nigeria"]
[WhiteTeamCountry "SUI"]
[BlackTeamCountry "NGR"]

1. e4 c5 2. Nf3 e6 3. d4 cxd4 4. Nxd4 Nf6 5. Nc3 d6 6. g4 Be7 7. g5 Nfd7 8. h4
a6 9. Be3 Qc7 10. h5 Nc6 11. Qd2 b5 12. O-O-O Bb7 13. a3 Nde5 14. f4 Nd7 15.
Be2 O-O-O 16. Kb1 Nc5 17. Nb3 b4 18. axb4 Nxb3 19. cxb3 Nxb4 20. Rc1 Nc6 21.
Nd5 exd5 22. exd5 Kb8 23. dxc6 Bxc6 24. Bf3 d5 25. Qd4 Bf8 26. Rxc6 Qxc6 27.
Qa7+ Kc8 28. Rc1 Qxc1+ 29. Kxc1 Rd6 30. Bg4+ Kd8 31. Qb8+ 1-0

[Event "44th Chess Olympiad Women 2022"]
[Site "Chennai"]
[Date "2022.07.30"]
[Round "2.29"]
[White "Stoeri, Laura"]
[Black "Suleiman Azumi Ayisha"]
[Result "1-0"]
[WhiteElo "2084"]
[BlackElo "1833"]
[Annotator "NA"]
[PlyCount "71"]
[EventDate "2022.07.29"]
[EventType "team-tourn"]
[EventCountry "IND"]
[SourceTitle "playchess.com"]
[Source "ChessBase"]
[SourceQuality "1"]
[WhiteTeam "Switzerland"]
[BlackTeam "Nigeria"]
[WhiteTeamCountry "SUI"]
[BlackTeamCountry "NGR"]

1. e4 c5 2. Nf3 d6 3. d4 cxd4 4. Nxd4 Nf6 5. Nc3 a6 6. Be2 e5 7. Nb3 b5 8. Be3
Bb7 9. Nd5 Nxd5 10. exd5 Nd7 11. O-O Be7 12. Qd2 Nf6 13. c4 bxc4 14. Bxc4 O-O
15. Na5 Qd7 16. h3 Ne4 17. Qb4 Rfb8 18. Qa3 Rc8 19. Rfd1 Nf6 20. Rac1 h6 21.
Qb3 Rcb8 22. Qc2 Rc8 23. Nc6 Bf8 24. Bb3 Kh8 25. Ba4 g6 26. Qb3 Bxc6 27. Bxc6
Qd8 28. Bb6 Rab8 29. Bxd8 Rxb3 30. Bxf6+ Kh7 31. axb3 g5 32. Bd7 Rb8 33. Bf5+
Kg8 34. Rc8 Rb7 35. Rdc1 Rxb3 36. Rxf8+ 1-0